Biblioteca

Teología y espiritualidad (Registro nro. 69512)

Detalles MARC
000 -LÍDER
Campo fijo de descripción fija 01294nab a2200217 i 4500
001 - NÚMERO DE CONTROL
Campo de control 768714001
003 - IDENTIFICADOR DEL NÚMERO DE CONTROL
Campo de control CO-MdFUSB
005 - FECHA Y HORA DE LA ULTIMA TRANSACCIÓN
control field 20240506121431.0
008 - ELEMENTOS DE LONGITUD FIJA -- INFORMACIÓN GENERAL
Campo fijo de descripción fija -- Información general 240503t1966 sp ||||| |||| 00| 00spa d
040 ## - FUENTE DE CATALOGACIÓN
Idioma de catalogación spa
Agencia que realiza la transcripción CO-MdFUSB
Agencia que realiza la modificación CO-MdFUSB
041 ## - CÓDIGO DE IDIOMA
Código de idioma para texto/pista de sonido o título separado spa
100 ## - ASIENTO PRINCIPAL--NOMBRE PERSONAL
Nombre personal Duquoc, Christian,
Término relacionador autor
245 ## - TÍTULO
Título Teología y espiritualidad
Mención de responsabilidad / Christian Duquoc
520 ## - NOTA DE RESUMEN, ETC.
Nota de sumario, etc. Para aquellos que no están familiarizados con la profesión de teólogo, contemplar la meditación de la fe como objeto de pensamiento en la Palabra de Dios se considera a menudo como la forma real de localizar a Dios. Se afirma que el erudito religioso no se da cuenta de la dificultad que encuentran sus pares al integrar las actividades seculares y teológicas. Para él, la profesión de teología es tan compatible con la fe que el teólogo no siente que la dualidad, que la mayoría de los creyentes no pueden superar, afecte su existencia.
650 #7 - ASIENTO SECUNDARIO DE MATERIA - TERMINO TEMÁTICO
Término temático o nombre geográfico como elemento de entrada Hombres
Subdivisión general Vida religiosa
9 (RLIN) 7150
650 #0 - ASIENTO SECUNDARIO DE MATERIA - TERMINO TEMÁTICO
Término temático o nombre geográfico como elemento de entrada Hombres (Teología cristiana)
9 (RLIN) 1269
653 ## - TÉRMINO DE INDIZACIÓN - NO CONTROLADO
Término no controlado Espiritualidad
773 0# - ASIENTO DE ITEM FUENTE
Biblionumber 49450
Itemnumber 82577
Otro identificador del ítem R2509
Título Revista internacional de teología Concilium
Número de control del registro (CO-MdFUSB)8
Número Internacional Normalizado para Publicaciones Seriadas (ISSN) 0210-1041
Parte(s) relacionada(s) / Volumen., número. (mes año), páginas Número 19, (noviembre, 1965), páginas: 269 - 280
Enumeración y primera página página: 269
942 ## - TIPO DE MATERIAL (KOHA)
Tipo de Item KOHA Artículos de Revista
945 ## - INFORMACIÓN LOCAL DEL REGISTRO
Catalogador Catherine Arias Álvarez practicante SENA

No hay ítems disponibles.

Biblioteca FUSBC | Teléfono: (57+4) 349 88 10 Ext. 141| WhatsApp (+57) 3005338115 
E-mail: biblioteca@unisbc.edu.co | Calle 76 87-14 Robledo Palenque, Medellín, Colombia

Con tecnología Koha